| 000 | 00737nam a22001817a 4500 | ||
|---|---|---|---|
| 005 | 20250826154452.0 | ||
| 010 | _aHIN-130290 | ||
| 020 |
_a9788193568392 _c400.00 |
||
| 035 | _aHN-102636 | ||
| 037 | _bDBAD | ||
| 082 | _a921 | ||
| 100 |
_aपाण्डेय, अशोक _984356 |
||
| 245 |
_aएक गुमनाम योद्धा / _cअशोक पाण्डेय 'अनहद' |
||
| 260 |
_aलखनऊ _bप्रांजल पब्लिकेशन्स _c2021 |
||
| 270 |
_bलखनऊ _e226022 _aसी-33, शिवानी विहार, कल्याणपुर, |
||
| 300 |
_a272 पृ. _c23सेमी (अजिल्द) |
||
| 942 |
_cHN _2ddc _h921 _mपाण्डेय |
||
| 999 |
_c213166 _d213166 |
||